000 00817nam a2200229Ia 4500
005 20260430150748.0
008 008 250103s9999 xx 000 0 hin d
037 _aTheses
040 _aCRL
040 _bhin
040 _chin
041 _2hin
041 _ahin
084 _qCRL
100 _aमंजु, ले.
_9866443
245 0 _aहिन्दू कोड बिल की समकालीन भारत में प्रासंगिकता: एक पुर्नावलोकन
260 _c2020
300 _a422पृ0
700 _aदिल्ली विश्वविद्यालय. समाजिक विज्ञान संकाय. राजनीतिक विज्ञान विभाग
_91238336
942 _cTH
999 _c1850646
_d1850646